000
00319nam a2200133Ia 4500
008
160105s9999 xx 000 0 und d
245
_a
Larousse environnement et écologie
260
_a
Paris
260
_b
Larousse
260
_c
1992
942
_c
09
994
_a
124589
999
_c
23833
_d
51831